000 00199nam a2200097Ia 4500
008 240331s9999 xx 000 0 und d
082 _bMOY
100 _aMo.Y
245 0 _aIlamaiyin geetham
942 _cL
999 _c3909
_d3909